000 00601 a2200193 4500
001 135395
020 _a978-85-02-06439-3
040 _cLeonardo Da Vinci
041 _aPortuguês
082 _a150 F881p
_bF881p
100 _aFRANÇA, Ana Cristina Limongi
245 _aPsicologia do trabalho
_bpsicossomática, valores e práticas organizacionais
260 _bSaraiva
_c2008
_aSão Paulo
300 _a299
362 _a20080000
490 _aNovas abordagens em gestão de pessoas
697 _aQualidade no trabalho
_aPsicologia
_aPsicossomática
_aRelação no trabalho
_aFIPEN
942 _cBK
999 _c135395
_d135395